[Event "Chigorin Memorial"]
[Site "St Petersburg"]
[Date "2015.10.05"]
[Round "3.133"]
[White "Azimov, Ilyas"]
[Black "Borunova, Tatiana"]
[Result "1-0"]
[WhiteElo "2140"]
[BlackElo "1599"]
[PlyCount "59"]
[EventDate "2015.10.03"]
[EventRounds "9"]
[EventCountry "RUS"]

1. e4 e6 2. d3 d5 3. Nd2 c5 4. g3 Nf6 5. Bg2 g6 6. Qe2 d4 7. e5 Nd5 8. Ne4 h6
9. Nh3 Nc6 10. f4 Be7 11. O-O O-O 12. g4 f5 13. exf6 Nxf6 14. Nxf6+ Bxf6 15.
Be4 Ne7 16. Bd2 Bg7 17. Rae1 Qc7 18. b4 a6 19. a3 Kh7 20. bxc5 Qxc5 21. Bb4 Qc7
22. a4 Ra7 23. a5 b5 24. f5 exf5 25. gxf5 gxf5 26. Bxe7 fxe4 27. Qxe4+ Kh8 28.
Bxf8 Bxh3 29. Qe8 Bxf1 30. Bd6+ 1-0

[Event "Chigorin Memorial"]
[Site "St Petersburg"]
[Date "2015.10.05"]
[Round "3.134"]
[White "Kiseleva, Arina"]
[Black "Artamonov, Valery"]
[Result "0-1"]
[WhiteElo "1998"]
[BlackElo "2287"]
[PlyCount "92"]
[EventDate "2015.10.03"]
[EventRounds "9"]
[EventCountry "RUS"]

1. d4 Nf6 2. Nf3 b5 3. Qd3 c5 4. Qxb5 e6 5. g3 Ba6 6. Qa4 Qb6 7. c3 cxd4 8.
cxd4 Nc6 9. Nc3 Rc8 10. e4 Bb7 11. Bd3 Nb4 12. Bb1 Nxe4 13. Bxe4 Bxe4 14. Nxe4
Nc2+ 15. Kf1 Nxa1 16. Kg2 Be7 17. Rd1 O-O 18. Qxd7 Qc6 19. Qxc6 Rxc6 20. Nc3
Nc2 21. a3 Bxa3 22. Rd2 Na1 23. Ne5 Rxc3 24. bxc3 Bxc1 25. Ra2 Nb3 26. Rxa7 f6
27. Nc6 h5 28. c4 Kh7 29. d5 exd5 30. cxd5 Rc8 31. Ne7 Rd8 32. h3 Nc5 33. d6
Rxd6 34. Ra5 Ne6 35. Rxh5+ Bh6 36. Nf5 Rd3 37. Nxh6 Kg6 38. Rh4 gxh6 39. Rc4
Nd4 40. Rc5 Nf3 41. h4 h5 42. Rc1 Nd4 43. Ra1 Rd2 44. Ra5 Nc6 45. Ra8 Ne5 46.
Ra1 Ng4 0-1

[Event "Chigorin Memorial"]
[Site "St Petersburg"]
[Date "2015.10.05"]
[Round "3.135"]
[White "Kamnev, Alexander"]
[Black "Pashinsky, Mikhail"]
[Result "1/2-1/2"]
[WhiteElo "1951"]
[BlackElo "2228"]
[PlyCount "123"]
[EventDate "2015.10.03"]
[EventRounds "9"]
[EventCountry "RUS"]

1. e4 c5 2. Nf3 d6 3. d4 cxd4 4. Nxd4 Nf6 5. Nc3 g6 6. Be3 Bg7 7. f3 h5 8. Qd2
a6 9. Nd5 Nbd7 10. c4 O-O 11. Be2 e6 12. Nxf6+ Nxf6 13. O-O Qc7 14. Rac1 b6 15.
Rfd1 Rd8 16. Nb3 Rd7 17. Qb4 Rb8 18. Rd2 Bf8 19. Qc3 Ne8 20. Rcd1 b5 21. c5
dxc5 22. Rxd7 Bxd7 23. Nxc5 Bc8 24. b4 Rb6 25. Bd4 Rd6 26. Be5 Rxd1+ 27. Bxd1
Qd8 28. Bb3 Bh6 29. Qd4 Qe7 30. Bg3 h4 31. Bf2 Qg5 32. Kf1 Kh7 33. e5 h3 34.
gxh3 Ng7 35. Ne4 Qc1+ 36. Qd1 Bb7 37. Qxc1 Bxc1 38. Nd6 Bxf3 39. Nxf7 Bd5 40.
Bxd5 exd5 41. Nd8 Bb2 42. Nc6 Ne6 43. Bg3 g5 44. Ke2 Nc7 45. Kf3 Kg6 46. h4
gxh4 47. Bxh4 Kf5 48. Bg3 Bc3 49. h3 d4 50. Bf2 d3 51. Bd4 Bxd4 52. Nxd4+ Kxe5
53. Nb3 Kd5 54. h4 Kc4 55. h5 Kxb4 56. h6 Ne6 57. Ke3 Nf8 58. Kxd3 Ka3 59. Kc3
Nh7 60. Nd4 b4+ 61. Kc4 Kxa2 62. Kxb4 1/2-1/2

[Event "Chigorin Memorial"]
[Site "St Petersburg"]
[Date "2015.10.05"]
[Round "3.136"]
[White "Svidinsky, Dmitry"]
[Black "Machlik, Edit"]
[Result "1-0"]
[WhiteElo "2147"]
[BlackElo "1946"]
[PlyCount "67"]
[EventDate "2015.10.03"]
[EventRounds "9"]
[EventCountry "RUS"]

1. d4 Nf6 2. c4 e6 3. Nf3 Bb4+ 4. Bd2 a5 5. g3 d6 6. Bg2 Nc6 7. O-O e5 8. d5
Ne7 9. Nc3 O-O 10. a3 Bc5 11. Bg5 Ne8 12. Na4 f6 13. Bd2 c6 14. Nxc5 dxc5 15.
Be3 b6 16. dxc6 Qc7 17. b4 axb4 18. axb4 Rxa1 19. Qxa1 cxb4 20. c5 b5 21. Qa2+
Kh8 22. Rc1 Nxc6 23. Ne1 Na5 24. Bd2 Nc6 25. Nc2 Bb7 26. Bxb4 Qc8 27. Qb3 Nc7
28. Bc3 Rd8 29. Na3 Na7 30. Bxb7 Qxb7 31. Ba5 Rc8 32. Bb6 Rb8 33. Rd1 Rc8 34.
Qf7 1-0

[Event "Chigorin Memorial"]
[Site "St Petersburg"]
[Date "2015.10.05"]
[Round "3.138"]
[White "Gantsevich, Aleksey A"]
[Black "Derli, Olga"]
[Result "0-1"]
[WhiteElo "1845"]
[BlackElo "2131"]
[PlyCount "88"]
[EventDate "2015.10.03"]
[EventRounds "9"]
[EventCountry "RUS"]

1. e4 e6 2. d4 d5 3. Nc3 Bb4 4. e5 c5 5. a3 Bxc3+ 6. bxc3 Ne7 7. Qg4 O-O 8. Bd3
f5 9. Qg3 Qc7 10. Bd2 b6 11. Nf3 Ba6 12. h4 Bxd3 13. cxd3 Nbc6 14. Bh6 Nc8 15.
Bd2 cxd4 16. cxd4 f4 17. Qg4 Nxd4 18. Nxd4 Qxe5+ 19. Qe2 Qxd4 20. Qxe6+ Kh8 21.
O-O f3 22. g3 Qf6 23. Rfe1 Nd6 24. Bb4 Rad8 25. Rac1 a5 26. Qxf6 Rxf6 27. Bxd6
Rfxd6 28. Rc7 Kg8 29. Ree7 Rg6 30. d4 Rg4 31. Rb7 Rc8 32. Red7 h6 33. Rxd5 Rc1+
34. Kh2 Rf1 35. Kh3 Re4 36. g4 Rg1 37. g5 hxg5 38. hxg5 Reg4 39. Rxb6 R4g2 40.
Rb8+ Kh7 41. g6+ Kh6 42. Rh8+ Kxg6 43. Rd6+ Kf7 44. Rd7+ Ke6 0-1

[Event "Chigorin Memorial"]
[Site "St Petersburg"]
[Date "2015.10.05"]
[Round "3.139"]
[White "Smirnov, Mikhail"]
[Black "Sakorenko, Adriana"]
[Result "1-0"]
[WhiteElo "2115"]
[BlackElo "1935"]
[PlyCount "43"]
[EventDate "2015.10.03"]
[EventRounds "9"]
[EventCountry "RUS"]

1. Nf3 c5 2. g3 b6 3. Bg2 Bb7 4. O-O e6 5. c4 Nf6 6. Nc3 Be7 7. e3 a6 8. d4
cxd4 9. exd4 Qc8 10. d5 Qxc4 11. d6 Bf8 12. Bf4 Qb4 13. a3 Qc5 14. Na4 Qd5 15.
Nxb6 Qxd1 16. Rfxd1 Ra7 17. Be3 Nc6 18. Rac1 g6 19. Nd4 Nd8 20. Nb3 Bxg2 21.
Kxg2 Rb7 22. Rc8 1-0

[Event "Chigorin Memorial"]
[Site "St Petersburg"]
[Date "2015.10.05"]
[Round "3.140"]
[White "Shadunts, Kirill"]
[Black "Khusenkhojaev, Mustafokhuja"]
[Result "0-1"]
[WhiteElo "1715"]
[BlackElo "2092"]
[PlyCount "78"]
[EventDate "2015.10.03"]
[EventRounds "9"]
[EventCountry "RUS"]

1. d4 Nf6 2. c4 g6 3. Nc3 d5 4. cxd5 Nxd5 5. e4 Nxc3 6. bxc3 Bg7 7. Be3 c5 8.
Rc1 O-O 9. Qd2 Qa5 10. Nf3 Nc6 11. d5 Rd8 12. c4 Nb4 13. Bg5 Re8 14. Be2 Qxa2
15. O-O Qxd2 16. Bxd2 a5 17. e5 Bg4 18. Bf4 a4 19. h3 Bf5 20. g4 Bd3 21. Rfe1
Bxe2 22. Rxe2 Nd3 23. Re4 Nxc1 24. Bxc1 a3 25. Re1 Ra4 26. Nd2 Rea8 27. Nb3 a2
28. Na1 Rb4 29. f4 Rb1 30. Bd2 Ra4 31. Kf2 Rxc4 32. Ke2 Rd4 33. g5 Re4+ 34. Kf2
Rbxe1 35. Bxe1 Rxf4+ 36. Ke3 Rf1 37. Ke2 Bxe5 38. Kxf1 Bxa1 39. Ke2 Bd4 0-1

[Event "Chigorin Memorial"]
[Site "St Petersburg"]
[Date "2015.10.05"]
[Round "3.141"]
[White "Trapeznikova, Darya"]
[Black "Martynov, Petr"]
[Result "1-0"]
[WhiteElo "2092"]
[BlackElo "1889"]
[PlyCount "55"]
[EventDate "2015.10.03"]
[EventRounds "9"]
[EventCountry "RUS"]

1. d4 Nf6 2. c4 e6 3. Nc3 Bb4 4. e3 O-O 5. Nge2 d5 6. a3 Be7 7. cxd5 exd5 8.
Nf4 b6 9. Bd3 Bb7 10. O-O c5 11. Qf3 cxd4 12. exd4 Qd7 13. Re1 Nc6 14. Ncxd5
Nxd4 15. Nxe7+ Kh8 16. Qh3 Qxh3 17. Nxh3 Nb3 18. Rb1 Rad8 19. Bc2 Nd4 20. Bd1
Be4 21. Ra1 Rd7 22. Bg5 Bc2 23. Bxf6 gxf6 24. Nc6 Nb3 25. Bxc2 Nxa1 26. Rxa1
Rc8 27. Be4 Re8 28. Bf3 1-0

[Event "Chigorin Memorial"]
[Site "St Petersburg"]
[Date "2015.10.05"]
[Round "3.142"]
[White "Yakimenko, Alexander A"]
[Black "Zajtzeva, Viktoria"]
[Result "1/2-1/2"]
[WhiteElo "2090"]
[BlackElo "1891"]
[PlyCount "75"]
[EventDate "2015.10.03"]
[EventRounds "9"]
[EventCountry "RUS"]

1. e4 c5 2. c3 e6 3. d4 Nf6 4. e5 Nd5 5. Nf3 cxd4 6. cxd4 Nc6 7. Bc4 Nb6 8. Bb3
d6 9. Bg5 Be7 10. Bxe7 Qxe7 11. exd6 Qxd6 12. Nc3 O-O 13. O-O Rd8 14. Re1 Nxd4
15. Ne4 Nxf3+ 16. Qxf3 Qe7 17. Rac1 Bd7 18. Rc7 Qb4 19. Rec1 Rac8 20. h3 Nd5
21. Bxd5 Rxc7 22. Rxc7 exd5 23. Nf6+ gxf6 24. Qxf6 Qe1+ 25. Kh2 Qe8 26. Rc3 Bc8
27. Re3 Be6 28. Rg3+ Kf8 29. Re3 Rc8 30. f4 Qd8 31. Qh6+ Ke7 32. f5 Qc7+ 33.
Kh1 Qc1+ 34. Kh2 Qc7+ 35. Kh1 Qc1+ 36. Kh2 Qc7+ 37. Kh1 Qc1+ 38. Kh2 1/2-1/2

[Event "Chigorin Memorial"]
[Site "St Petersburg"]
[Date "2015.10.05"]
[Round "3.143"]
[White "Chekletsov, Egor"]
[Black "Belkina, Yulia"]
[Result "1/2-1/2"]
[WhiteElo "2082"]
[BlackElo "1847"]
[PlyCount "102"]
[EventDate "2015.10.03"]
[EventRounds "9"]
[EventCountry "RUS"]

1. e4 c5 2. Nf3 Nc6 3. Bb5 Nf6 4. Bxc6 bxc6 5. Qe2 g6 6. c3 Bg7 7. O-O O-O 8.
Rd1 d6 9. d4 cxd4 10. cxd4 Re8 11. Nc3 Nd7 12. Bf4 Qa5 13. Rab1 Nb6 14. Qc2 Bb7
15. b4 Qh5 16. Qb3 Qg4 17. Be3 Ba6 18. Nd2 e6 19. a4 d5 20. b5 cxb5 21. axb5
Bb7 22. e5 Rec8 23. Na4 Nxa4 24. Qxa4 Bf8 25. Rdc1 Rxc1+ 26. Rxc1 Qe2 27. Rc7
Rc8 28. Rxc8 Bxc8 29. Qxa7 Qxb5 30. h4 Qb7 31. Qa5 h5 32. Nf3 Be7 33. Qa4 Bd7
34. Qd1 Kg7 35. Ng5 Be8 36. Nf3 Qb4 37. Bd2 Qc4 38. Qe1 Qd3 39. Qa1 Qa3 40. Qb1
Qa4 41. Qb7 Qd7 42. Qb6 Qb5 43. Qc7 Qd7 44. Qc3 Bf8 45. Qe3 Kg8 46. Qf4 Qb5 47.
Qg5 Qb7 48. Kh2 Qc7 49. g3 Qe7 50. Qf4 Qa3 51. Kg2 Qd3 1/2-1/2

[Event "Chigorin Memorial"]
[Site "St Petersburg"]
[Date "2015.10.05"]
[Round "3.144"]
[White "Sergeeva, Natalia"]
[Black "Zemnitskiy, Alexander"]
[Result "1-0"]
[WhiteElo "2077"]
[BlackElo "1856"]
[PlyCount "109"]
[EventDate "2015.10.03"]
[EventRounds "9"]
[EventCountry "RUS"]

1. e4 e5 2. Nf3 Nf6 3. Nxe5 Nxe4 4. Qe2 Qe7 5. Qxe4 d6 6. d4 dxe5 7. Qxe5 Qxe5+
8. dxe5 Bf5 9. Bb5+ Nd7 10. O-O Bxc2 11. Bf4 c6 12. Be2 Nc5 13. Nc3 Ne6 14. Be3
Bc5 15. Bxc5 Nxc5 16. Rfc1 Bd3 17. Bf3 O-O-O 18. b4 Ne6 19. g3 Kb8 20. Kg2 Ng5
21. Bd1 Ne4 22. Bb3 Nxc3 23. Rxc3 Be4+ 24. Kh3 Bd5 25. Bxd5 Rxd5 26. Rf3 Rf8
27. e6 f5 28. Re1 Re8 29. g4 g6 30. gxf5 gxf5 31. Kh4 Kc7 32. Kg5 Kd6 33. Kf6
Rf8+ 34. Kg7 Ke7 35. Rh3 Rf6 36. Rxh7 Rxe6 37. Kg8+ Kd6 38. Rxe6+ Kxe6 39. Rxb7
Rd2 40. Rc7 Kd6 41. Rxa7 Rxf2 42. h4 Rh2 43. Rh7 Rxa2 44. Rh6+ Kd5 45. Rf6 Kc4
46. Rxc6+ Kxb4 47. h5 f4 48. Rf6 Kc4 49. h6 Kd5 50. h7 Rg2+ 51. Kf7 Rh2 52. Kg7
Rg2+ 53. Rg6 f3 54. h8=Q f2 55. Qa8+ 1-0

[Event "Chigorin Memorial"]
[Site "St Petersburg"]
[Date "2015.10.05"]
[Round "3.145"]
[White "Golikov, Daniil"]
[Black "Bagaeva, Maria"]
[Result "1-0"]
[WhiteElo "2039"]
[BlackElo "1500"]
[PlyCount "85"]
[EventDate "2015.10.03"]
[EventRounds "9"]
[EventCountry "RUS"]

1. d4 d5 2. c4 c6 3. Nf3 Nf6 4. Nc3 a6 5. e3 b5 6. c5 Bf5 7. Qb3 Nbd7 8. a4 e6
9. axb5 axb5 10. Rxa8 Qxa8 11. Qa2 Qb7 12. Be2 Be7 13. O-O O-O 14. Bd2 Ra8 15.
Qb3 Qc7 16. Rc1 e5 17. Nxb5 cxb5 18. c6 Nf8 19. dxe5 Ne4 20. Be1 Ne6 21. Qxb5
Rb8 22. Qxd5 Rxb2 23. Bd3 N6c5 24. Rxc5 Bxc5 25. Bxe4 Bxe4 26. Qxe4 Be7 27. g3
Ra2 28. e6 f6 29. Qc4 Ra8 30. Kg2 Kh8 31. Nd4 Rc8 32. Qa6 Bc5 33. Ba5 Qb8 34.
c7 Qa8+ 35. Qxa8 Rxa8 36. Nc6 Rc8 37. Kf3 Kg8 38. Ke4 Bd6 39. Kd5 Bxc7 40. Ne7+
Kf8 41. Nxc8 Bxa5 42. e7+ Ke8 43. Ke6 1-0

[Event "Chigorin Memorial"]
[Site "St Petersburg"]
[Date "2015.10.05"]
[Round "3.146"]
[White "Golikov, Sergei"]
[Black "Gantsevich, Aleksei"]
[Result "1-0"]
[WhiteElo "1708"]
[BlackElo "2036"]
[PlyCount "76"]
[EventDate "2015.10.03"]
[EventRounds "9"]
[EventCountry "RUS"]

1. e4 c5 2. Nf3 e6 3. d4 cxd4 4. Nxd4 a6 5. Nc3 Qc7 6. a3 Nf6 7. Bd3 Be7 8. O-O
O-O 9. Be3 d6 10. f4 Nbd7 11. Qf3 Nc5 12. Rac1 e5 13. Nf5 Bxf5 14. exf5 exf4
15. Qxf4 Qc6 16. b4 Ncd7 17. Ne4 Nd5 18. Qg3 Nxe3 19. Qxe3 d5 20. Ng3 Bf6 21.
c4 Rae8 22. Qf2 Ne5 23. cxd5 Qxd5 24. Be4 Qb3 25. Qc2 Qxa3 26. Bxb7 Qxb4 27.
Rb1 Qh4 28. Ne4 Ng4 29. Nxf6+ Qxf6 30. Qa4 h5 31. h3 Ne3 32. Rf2 Re5 33. Qxa6
Qxa6 34. Bxa6 Nxf5 35. Bd3 Ng3 36. Kh2 h4 37. Rb7 Kh8 38. Rfxf7 Rxf7 1-0

[Event "Chigorin Memorial"]
[Site "St Petersburg"]
[Date "2015.10.05"]
[Round "3.147"]
[White "Selezneva, Ekaterina"]
[Black "Nochovniy, Vladimir"]
[Result "1-0"]
[WhiteElo "1700"]
[BlackElo "2018"]
[PlyCount "67"]
[EventDate "2015.10.03"]
[EventRounds "9"]
[EventCountry "RUS"]

1. e4 e6 2. d4 d5 3. Nd2 c5 4. c3 Nc6 5. Ngf3 Be7 6. Bd3 cxd4 7. cxd4 dxe4 8.
Nxe4 Nf6 9. Nc3 O-O 10. O-O a6 11. a3 b5 12. Bc2 Bb7 13. Qd3 Re8 14. Re1 g6 15.
Bh6 Ng4 16. Bf4 Nf6 17. Rad1 b4 18. Ne2 Nd5 19. Bh6 Bf6 20. Ng3 Qc7 21. Ne4 Bh8
22. Ba4 Red8 23. Rc1 Qb6 24. Nc5 Rd6 25. Ne5 Nxd4 26. Qxd4 Nc3 27. Qf4 f6 28.
Ned7 Qc7 29. bxc3 Rxd7 30. Nxd7 Qxf4 31. Bxf4 bxa3 32. Bb3 Bd5 33. Bxd5 exd5
34. Ra1 1-0

[Event "Chigorin Memorial"]
[Site "St Petersburg"]
[Date "2015.10.05"]
[Round "3.148"]
[White "Chekletsova, Darya"]
[Black "Aseeva, Anastasia"]
[Result "0-1"]
[WhiteElo "1495"]
[BlackElo "2015"]
[PlyCount "110"]
[EventDate "2015.10.03"]
[EventRounds "9"]
[EventCountry "RUS"]

1. e4 c5 2. c3 d6 3. d4 cxd4 4. cxd4 g6 5. Nc3 Bg7 6. Nf3 Nf6 7. Bc4 O-O 8. Qb3
Nc6 9. Qd1 a6 10. Be3 b5 11. Bd3 Ng4 12. h3 Nxe3 13. fxe3 Na5 14. Qe2 Bb7 15.
Rc1 Rc8 16. O-O Nc6 17. a3 Bh6 18. g4 e5 19. d5 Na5 20. h4 Nc4 21. Bxc4 Rxc4
22. g5 Bg7 23. Nd2 Rc7 24. Rf2 f6 25. Nf3 Rcf7 26. Rcf1 Bc8 27. Kh2 Bg4 28. Qe1
Bxf3 29. Rxf3 fxg5 30. Rxf7 Rxf7 31. Rxf7 Kxf7 32. hxg5 Qxg5 33. Nd1 Bf6 34.
Qa5 Qh5+ 35. Kg2 Qxd1 36. Qc7+ Be7 37. Qd7 Qe2+ 38. Kg1 Qxe3+ 39. Kh2 Qf4+ 40.
Kg1 Qc1+ 41. Kg2 Qxb2+ 42. Kh1 Qc1+ 43. Kg2 Qd2+ 44. Kh1 Qe1+ 45. Kh2 Qh4+ 46.
Kg1 Qg3+ 47. Kh1 Qf3+ 48. Kg1 Qxe4 49. Qe6+ Kf8 50. Qc8+ Kg7 51. Qd7 Qh4 52.
Kg2 Qf6 53. Qc7 e4 54. Qc1 Qg5+ 55. Qxg5 Bxg5 0-1

[Event "Chigorin Memorial"]
[Site "St Petersburg"]
[Date "2015.10.05"]
[Round "3.150"]
[White "Malofeev, Alex"]
[Black "Kashin, Yury"]
[Result "1-0"]
[WhiteElo "2141"]
[BlackElo "1848"]
[PlyCount "92"]
[EventDate "2015.10.03"]
[EventRounds "9"]
[EventCountry "RUS"]

1. e4 e6 2. Nf3 d5 3. Nc3 Ne7 4. d4 Nbc6 5. Bb5 a6 6. Bxc6+ bxc6 7. O-O Ng6 8.
Re1 Be7 9. Na4 O-O 10. c3 dxe4 11. Rxe4 c5 12. Re1 cxd4 13. Qxd4 Bb7 14. Be3
Bxf3 15. Qxd8 Rfxd8 16. gxf3 Nh4 17. Red1 Nxf3+ 18. Kg2 Nh4+ 19. Kf1 Nf5 20.
Bc5 Kf8 21. b4 Nd6 22. a3 f6 23. Bxd6 Bxd6 24. Kg2 Kf7 25. c4 Be5 26. Rac1 Rd4
27. Nc5 Ke7 28. h3 a5 29. b5 a4 30. Re1 Rd2 31. Rcd1 Rxd1 32. Rxd1 Bd6 33. Na6
Bxa3 34. Ra1 Bd6 35. c5 Be5 36. Rxa4 g5 37. h4 h5 38. hxg5 Rg8 39. Kf1 Rxg5 40.
Ke2 Bh2 41. f4 Rg2+ 42. Kf3 Rc2 43. c6 e5 44. Nxc7 f5 45. fxe5 Bxe5 46. Nd5+
Kd6 1-0

[Event "Chigorin Memorial"]
[Site "St Petersburg"]
[Date "2015.10.05"]
[Round "3.151"]
[White "Altshul, Raffael"]
[Black "Chechetko, Georgy"]
[Result "1-0"]
[WhiteElo "2130"]
[BlackElo "1827"]
[PlyCount "87"]
[EventDate "2015.10.03"]
[EventRounds "9"]
[EventCountry "RUS"]

1. c4 Nf6 2. Nc3 g6 3. d4 Bg7 4. e4 d6 5. f4 O-O 6. Nf3 c5 7. d5 e6 8. Be2 exd5
9. exd5 Re8 10. O-O Na6 11. a3 Nc7 12. Bd3 Rb8 13. a4 Na6 14. f5 Nb4 15. fxg6
hxg6 16. Bb1 Bg4 17. h3 Bxf3 18. Qxf3 Qd7 19. Bg5 Nh7 20. Bf4 Re7 21. Ra3 Be5
22. Bxe5 Rxe5 23. Ne4 Rf8 24. Qf4 f5 25. Nxc5 Qe7 26. Ne6 Rf7 27. Rg3 Rf6 28.
Re3 Rxd5 29. Rfe1 Re5 30. Rxe5 dxe5 31. Qxe5 Nc6 32. Qd5 Kh8 33. Re2 Nf8 34.
Nd4 Qd7 35. Qxd7 Nxd7 36. Nxc6 bxc6 37. Re8+ Kg7 38. Kf2 Rd6 39. Ke2 c5 40. Bc2
Kf7 41. Ra8 a6 42. Rc8 Kf6 43. a5 Nf8 44. Rxf8+ 1-0

[Event "Chigorin Memorial"]
[Site "St Petersburg"]
[Date "2015.10.05"]
[Round "3.152"]
[White "Lazhevskaya, Zhanni"]
[Black "Glazov, Anatoly"]
[Result "1/2-1/2"]
[WhiteElo "2098"]
[BlackElo "1827"]
[PlyCount "123"]
[EventDate "2015.10.03"]
[EventRounds "9"]
[EventCountry "RUS"]

1. e4 e5 2. Nf3 Nc6 3. d4 exd4 4. Bc4 Bb4+ 5. c3 dxc3 6. O-O d6 7. a3 Ba5 8. b4
Bb6 9. Nxc3 Nf6 10. e5 dxe5 11. Qxd8+ Nxd8 12. Nxe5 O-O 13. Bb2 Be6 14. Bd3 Bb3
15. Ne4 Nxe4 16. Bxe4 Re8 17. Rfe1 c6 18. Nd7 Ne6 19. Nxb6 axb6 20. Re3 Bc4 21.
Rc1 b5 22. Rce1 Rad8 23. h4 Rd2 24. Bc1 Rd4 25. Bb2 Rd2 26. Bc1 Rd6 27. Bc2
Red8 28. g4 Rd4 29. f3 h5 30. Be4 hxg4 31. fxg4 Rd1 32. Kf2 Nf4 33. Bc2 Rxe1
34. Rxe1 Ne6 35. Be3 Bd3 36. Bb3 Bc4 37. Bc2 Nc7 38. Be4 Bd5 39. Bb6 Bxe4 40.
Bxc7 Rd2+ 41. Re2 Rd4 42. Be5 Rc4 43. Re3 f6 44. Bc3 Kf7 45. Kg3 Bc2 46. g5 f5
47. Be5 Rg4+ 48. Kh3 Kg6 49. Bg3 Be4 50. Re2 Kh5 51. Rf2 Bd3 52. Rf4 b6 53.
Rxg4 Bf1+ 54. Kh2 Kxg4 55. Bf2 c5 56. bxc5 bxc5 57. Bxc5 Kxh4 58. g6 Kg5 59.
Kg3 f4+ 60. Kf2 Bc4 61. Bd4 Kxg6 62. Kf3 1/2-1/2

[Event "Chigorin Memorial"]
[Site "St Petersburg"]
[Date "2015.10.05"]
[Round "3.153"]
[White "Muhtarov, Leonid"]
[Black "Gantsevich, Dmitry"]
[Result "1-0"]
[WhiteElo "2060"]
[BlackElo "1818"]
[PlyCount "73"]
[EventDate "2015.10.03"]
[EventRounds "9"]
[EventCountry "RUS"]

1. Nf3 d6 2. g3 g6 3. Bg2 Bg7 4. d4 Nf6 5. c4 O-O 6. Nc3 Nbd7 7. O-O e5 8. e4
c6 9. h3 Qb6 10. Re1 Re8 11. Na4 Qc7 12. Qc2 b6 13. Be3 Bb7 14. Rad1 Rad8 15.
Nc3 exd4 16. Nxd4 Nc5 17. b4 Ne6 18. Nxe6 fxe6 19. c5 d5 20. cxb6 axb6 21. exd5
Nxd5 22. Nxd5 exd5 23. Rxd5 Ra8 24. Rdd1 Qf7 25. a4 c5 26. Bxb7 Qxb7 27. bxc5
bxc5 28. Bxc5 Rxe1+ 29. Rxe1 Qc6 30. Qc4+ Kh8 31. Re6 Qc8 32. Qe4 Qg8 33. a5
Rc8 34. a6 Bf8 35. Bd4+ Bg7 36. Re7 Qa2 37. Rxg7 1-0

[Event "Chigorin Memorial"]
[Site "St Petersburg"]
[Date "2015.10.05"]
[Round "3.154"]
[White "Fokin, Anatoly"]
[Black "Kopasov, Evgeny"]
[Result "0-1"]
[WhiteElo "1817"]
[BlackElo "2050"]
[PlyCount "118"]
[EventDate "2015.10.03"]
[EventRounds "9"]
[EventCountry "RUS"]

1. d4 d5 2. Nc3 Nf6 3. f3 c5 4. e3 e6 5. Bd3 Nc6 6. Bb5 Bd7 7. Nh3 Rc8 8. a3
Be7 9. Nf2 O-O 10. O-O Qb6 11. Bxc6 Bxc6 12. Ne2 Rfd8 13. Nd3 Bb5 14. Re1 Qc7
15. c3 Bd6 16. g3 Bxd3 17. Qxd3 e5 18. Qf5 e4 19. f4 c4 20. g4 Qd7 21. Qxd7
Rxd7 22. h3 h5 23. gxh5 Nxh5 24. Kh1 Be7 25. b3 cxb3 26. Rb1 b2 27. Bxb2 Rc4
28. Bc1 g6 29. Rg1 Ng7 30. Rb3 Nf5 31. Ng3 Nxg3+ 32. Rxg3 a6 33. f5 Kg7 34.
fxg6 fxg6 35. Bd2 b5 36. Rg4 Bd6 37. h4 Kh6 38. Rg5 Be7 39. Rg4 Kh5 40. Rf4
Bxh4 41. Rf8 Rc6 42. Rb1 Rf6 43. Rh8+ Kg4 44. Rg1+ Bg3 45. Be1 Rf3 46. Rh6 Rd6
47. Rh2 g5 48. Bd2 Rdf6 49. Rh7 Rf1 50. Rh8 Rxg1+ 51. Kxg1 Rf2 52. Be1 Re2 53.
Bxg3 Kxg3 54. Kf1 Rxe3 55. Ra8 Rxc3 56. Rxa6 Kf3 57. Rf6+ Ke3 58. Rf5 Kxd4 59.
Rxg5 Rxa3 0-1

[Event "Chigorin Memorial"]
[Site "St Petersburg"]
[Date "2015.10.05"]
[Round "3.155"]
[White "Tebenkov, Vladislav"]
[Black "Montolio Benedicto, Cesar"]
[Result "1-0"]
[WhiteElo "2050"]
[BlackElo "1816"]
[PlyCount "53"]
[EventDate "2015.10.03"]
[EventRounds "9"]
[EventCountry "RUS"]

1. e4 e5 2. Nf3 Nc6 3. Bb5 a6 4. Ba4 Nf6 5. Bxc6 dxc6 6. d3 Qd6 7. Nbd2 Be6 8.
b3 Nd7 9. Bb2 f6 10. O-O O-O-O 11. d4 exd4 12. Nxd4 Bf7 13. Qe2 Ne5 14. f4 Ng6
15. e5 fxe5 16. Ne4 Qd5 17. c4 Qa5 18. fxe5 Nxe5 19. Ng5 Bg8 20. Nde6 Bxe6 21.
Nxe6 Bc5+ 22. Kh1 Nd3 23. Nxd8 Rxd8 24. Bxg7 Qb6 25. Bf6 Nf2+ 26. Rxf2 Bxf2 27.
Qe6+ 1-0

[Event "Chigorin Memorial"]
[Site "St Petersburg"]
[Date "2015.10.05"]
[Round "3.156"]
[White "Oberholzer, Francois"]
[Black "Levin, Evgeny"]
[Result "1/2-1/2"]
[WhiteElo "2032"]
[BlackElo "1813"]
[PlyCount "166"]
[EventDate "2015.10.03"]
[EventRounds "9"]
[EventCountry "RUS"]

1. e4 e6 2. d4 d5 3. Nc3 a6 4. Bd3 b5 5. Nf3 Bb7 6. exd5 exd5 7. O-O Nf6 8. Bg5
Be7 9. Bxf6 Bxf6 10. Re1+ Be7 11. Qe2 Nc6 12. Ne5 Nxe5 13. Qxe5 Kf8 14. Ne2 Bf6
15. Qg3 g6 16. c3 Kg7 17. Nf4 Kf8 18. Re2 Bg5 19. Rae1 Bc6 20. Re5 Bh4 21. Qf3
Kg7 22. Nxd5 Qd6 23. c4 Rae8 24. Rxe8 Rxe8 25. Rxe8 Bxe8 26. Qe4 bxc4 27. Bxc4
Bc6 28. Qe5+ Qxe5 29. dxe5 Bxd5 30. Bxd5 Be7 31. f4 f6 32. e6 f5 33. Kf2 h6 34.
h3 g5 35. fxg5 hxg5 36. Ke3 Bc5+ 37. Kd3 Kf6 38. Kc4 Bb6 39. Kb4 Ke7 40. a4 a5+
41. Kb5 Kd6 42. Bc4 f4 43. b3 Ke7 44. Kc6 Kd8 45. Kb7 Bc5 46. Kc6 Bd6 47. Kd5
Ke7 48. Ke4 Kf6 49. Kd4 Ke7 50. Kd5 Kf6 51. Ke4 Bb4 52. h4 gxh4 53. Kxf4 Bc5
54. Kg4 Bf2 55. b4 axb4 56. a5 c6 57. a6 Ke7 58. Kg5 Ke8 59. Kf5 Ke7 60. Bb3
Bc5 61. Ba4 Bb6 62. Bb3 Ba7 63. Kg4 Bf2 64. Kg5 Ke8 65. a7 Bxa7 66. Kxh4 Ke7
67. Kg5 Bd4 68. Kg6 Kf8 69. g4 Bc5 70. Kf5 Kg7 71. Ba4 Bd6 72. Bxc6 b3 73. Be4
b2 74. Bb1 Bc7 75. g5 Bd6 76. g6 Kf8 77. Kf6 Be7+ 78. Ke5 Ba3 79. Kf6 Be7+ 80.
Kf5 Kg7 81. Ke5 Ba3 82. Kd5 Kf6 83. Kc6 Kxe6 1/2-1/2

[Event "Chigorin Memorial"]
[Site "St Petersburg"]
[Date "2015.10.05"]
[Round "3.157"]
[White "Shapar, Tatiana"]
[Black "Tskhadadze, Anna"]
[Result "1/2-1/2"]
[WhiteElo "1804"]
[BlackElo "1988"]
[PlyCount "81"]
[EventDate "2015.10.03"]
[EventRounds "9"]
[EventCountry "RUS"]

1. e4 c6 2. d4 d5 3. Nd2 dxe4 4. Nxe4 Bf5 5. Ng3 Bg6 6. h4 h6 7. N1e2 e6 8. Nf4
Bh7 9. c3 Nf6 10. Nfh5 Nbd7 11. Bc4 Nxh5 12. Nxh5 Nf6 13. Bf4 Nxh5 14. Qxh5 Qf6
15. Be5 Qg6 16. Qxg6 Bxg6 17. O-O-O Rg8 18. g4 Be4 19. Rhe1 Bf3 20. Be2 Bxe2
21. Rxe2 O-O-O 22. g5 hxg5 23. hxg5 Be7 24. Rg1 g6 25. f4 Bd6 26. Rf1 Kd7 27.
Bf6 Be7 28. Rh2 Bxf6 29. gxf6 Rh8 30. Rfh1 Rxh2 31. Rxh2 Kd6 32. Rh7 Rd7 33.
Kd2 Kd5 34. Ke3 c5 35. b3 cxd4+ 36. cxd4 Rc7 37. Kd3 b5 38. b4 Rd7 39. a3 Rc7
40. Rg7 Rd7 41. Rh7 1/2-1/2

[Event "Chigorin Memorial"]
[Site "St Petersburg"]
[Date "2015.10.05"]
[Round "3.158"]
[White "Skafar, Darya"]
[Black "Hyoetylae, Tapio"]
[Result "1-0"]
[WhiteElo "1961"]
[BlackElo "1803"]
[PlyCount "75"]
[EventDate "2015.10.03"]
[EventRounds "9"]
[EventCountry "RUS"]

1. e4 g6 2. d4 Bg7 3. Nc3 a6 4. Nf3 d6 5. Be2 Nd7 6. a4 b6 7. O-O Bb7 8. Re1 e6
9. Bg5 Ne7 10. Qd2 Nf6 11. Bd3 O-O 12. Bh6 Re8 13. Bxg7 Kxg7 14. Qg5 h6 15. Qd2
Nd7 16. h3 Rc8 17. Ne2 c5 18. c3 Qc7 19. Ng3 c4 20. Bc2 b5 21. Nh2 e5 22. Ng4
Ng8 23. f4 h5 24. Nf2 Qd8 25. Kh2 Qe7 26. f5 Nh6 27. Rad1 Rcd8 28. d5 Qf6 29.
Rf1 Qe7 30. Nfh1 Qh4 31. Rf3 g5 32. f6+ Nxf6 33. Nf5+ Nxf5 34. Rxf5 g4 35. Rdf1
g3+ 36. Nxg3 Ng4+ 37. Kg1 Nh6 38. Rxh5 1-0